[Event "MCRE_KT07"]
[Site "?"]
[Date "2005.??.??"]
[Round "?"]
[White "Klein, Petr"]
[Black "Cernovsky, Karel"]
[Result "0-1"]
[WhiteElo "1600"]
[BlackElo "1600"]
[PlyCount "28"]
[EventDate "2005.??.??"]
[EventType "corr"]
[EventRounds "2"]
[SourceDate "2005.10.20"]

1. d4 Nf6 2. Nf3 d5 3. c4 e6 4. e3 Bd6 5. Nc3 O-O 6. Be2 b6 7. a3 Bb7 8. cxd5
exd5 9. b4 c6 10. O-O Nbd7 11. Bb2 b5 12. Qc2 a5 13. bxa5 Rxa5 14. Bd3 Qa8 0-1

[Event "MCRE_KT07"]
[Site "?"]
[Date "2005.??.??"]
[Round "?"]
[White "Cernovsky, Karel"]
[Black "Klein, Petr"]
[Result "1-0"]
[WhiteElo "1600"]
[BlackElo "1600"]
[PlyCount "29"]
[EventDate "2005.??.??"]
[EventType "corr"]
[EventRounds "2"]
[SourceDate "2005.10.20"]

1. e4 c5 2. Nf3 d6 3. d4 cxd4 4. Nxd4 Nf6 5. Nc3 Nc6 6. Bg5 a6 7. Qd2 h6 8.
Bxf6 gxf6 9. O-O-O h5 10. f4 Bh6 11. g3 e5 12. Nde2 Bf8 13. Kb1 b5 14. Nd5 a5
15. Nec3 1-0

[Event "MCRE_KT07"]
[Site "?"]
[Date "2005.??.??"]
[Round "?"]
[White "Vrnak, Michal"]
[Black "Klein, Petr"]
[Result "1-0"]
[WhiteElo "1800"]
[BlackElo "1600"]
[PlyCount "25"]
[EventDate "2005.??.??"]
[EventType "corr"]
[EventRounds "2"]
[SourceDate "2005.10.20"]

1. d4 d5 2. c4 dxc4 3. Nf3 e6 4. e3 c6 5. Bxc4 Nf6 6. O-O b5 7. Bd3 Be7 8. e4
Na6 9. Nc3 c5 10. e5 Nd7 11. d5 Nb6 12. d6 Bf8 13. Be4 1-0

[Event "MCRE_KT07"]
[Site "?"]
[Date "2005.??.??"]
[Round "?"]
[White "Klein, Petr"]
[Black "Vrnak, Michal"]
[Result "0-1"]
[WhiteElo "1600"]
[BlackElo "1800"]
[PlyCount "22"]
[EventDate "2005.??.??"]
[EventType "corr"]
[EventRounds "2"]
[SourceDate "2005.10.20"]

1. d4 d5 2. c4 e6 3. Nc3 c6 4. Nf3 Nf6 5. e3 Nbd7 6. a3 Bd6 7. c5 Bb8 8. Be2
O-O 9. O-O Qc7 10. g3 e5 11. b4 Re8 0-1

[Event "MCRE_KT07"]
[Site "?"]
[Date "2005.??.??"]
[Round "?"]
[White "Rotter, Walter"]
[Black "Klein, Petr"]
[Result "1-0"]
[WhiteElo "1964"]
[BlackElo "1600"]
[PlyCount "33"]
[EventDate "2005.??.??"]
[EventType "corr"]
[EventRounds "2"]
[SourceDate "2005.10.20"]

1. d4 d5 2. c4 dxc4 3. Nf3 e6 4. e3 Nf6 5. Bxc4 c6 6. O-O Bd6 7. Qc2 a6 8. e4
Bc7 9. h3 h6 10. Rd1 b5 11. Bb3 a5 12. a4 Bb7 13. axb5 cxb5 14. d5 exd5 15. Nc3
O-O 16. Nxb5 Na6 17. exd5 1-0

[Event "MCRE_KT07"]
[Site "?"]
[Date "2005.??.??"]
[Round "?"]
[White "Klein, Petr"]
[Black "Rotter, Walter"]
[Result "0-1"]
[WhiteElo "1600"]
[BlackElo "1964"]
[PlyCount "30"]
[EventDate "2005.??.??"]
[EventType "corr"]
[EventRounds "2"]
[SourceDate "2005.10.20"]

1. d4 Nf6 2. Nf3 d5 3. c4 dxc4 4. e3 e6 5. Bxc4 c5 6. O-O a6 7. Nc3 b5 8. Be2
Bb7 9. Re1 Nc6 10. dxc5 Bxc5 11. a3 O-O 12. b4 Bd6 13. Bb2 Qe7 14. Qc2 Rac8 15.
Nd4 Nxb4 0-1

[Event "MCRE_KT07"]
[Site "?"]
[Date "2005.??.??"]
[Round "?"]
[White "Jezek, Otakar"]
[Black "Cernovsky, Karel"]
[Result "0-1"]
[WhiteElo "1743"]
[BlackElo "1600"]
[PlyCount "71"]
[EventDate "2005.??.??"]
[EventType "corr"]
[EventRounds "2"]
[SourceDate "2005.10.20"]

1. g3 d5 2. Nf3 Nf6 3. Bg2 e6 4. O-O Be7 5. d4 O-O 6. Nbd2 b5 7. Ne5 Bb7 8. Nb3
Nc6 9. Nd3 a5 10. Nbc5 Ba6 11. c3 b4 12. Qa4 Qe8 13. Nxa6 Rxa6 14. Re1 Bd6 15.
a3 bxc3 16. bxc3 Na7 17. e4 Qxa4 18. e5 Rc6 19. exf6 Rxc3 20. fxg7 Kxg7 21. Nc5
Bxc5 22. dxc5 Rxc5 23. Be3 d4 24. Bf4 Nb5 25. Bf1 Rd8 26. h3 d3 27. Red1 e5 28.
Be3 Rc3 29. Bg5 Rxa3 30. Rac1 Ra2 31. Bd2 Nd4 32. Bc3 Rc2 33. Ra1 Nf3+ 34. Kg2
Qc6 35. Bxa5 Qc5 36. Rd2 0-1

[Event "MCRE_KT07"]
[Site "?"]
[Date "2005.??.??"]
[Round "?"]
[White "Vrnak, Michal"]
[Black "Cernovsky, Karel"]
[Result "1-0"]
[WhiteElo "1800"]
[BlackElo "1600"]
[PlyCount "83"]
[EventDate "2005.??.??"]
[EventType "corr"]
[EventRounds "2"]
[SourceDate "2005.10.20"]

1. d4 Nf6 2. c4 e6 3. Nf3 d5 4. g3 dxc4 5. Bg2 c5 6. O-O Nc6 7. Ne5 Bd7 8. Na3
cxd4 9. Naxc4 Rc8 10. Qb3 Nxe5 11. Nxe5 Rc5 12. Nxd7 Qxd7 13. Rd1 e5 14. e3 Rb5
15. Qc2 Rc5 16. Qe2 d3 17. Rxd3 Qc7 18. Bd2 Be7 19. Rb3 b6 20. Bb4 Rc4 21. Rc3
Rxc3 22. Bxc3 O-O 23. Rd1 a5 24. Qf3 Bb4 25. Bxb4 axb4 26. Qc6 Qxc6 27. Bxc6
Rc8 28. Bb7 Rb8 29. Bd5 Kf8 30. Bb3 Ke7 31. Rc1 Nd7 32. Rc4 f5 33. Rxb4 e4 34.
g4 g6 35. gxf5 gxf5 36. Rb5 Kf6 37. Kg2 Nc5 38. f3 Nxb3 39. Rxb3 b5 40. Rb4 Ke5
41. Kf2 Kd5 42. a4 1-0

[Event "MCRE_KT07"]
[Site "?"]
[Date "2005.??.??"]
[Round "?"]
[White "Cernovsky, Karel"]
[Black "Rotter, Walter"]
[Result "1-0"]
[WhiteElo "1600"]
[BlackElo "1964"]
[PlyCount "109"]
[EventDate "2005.??.??"]
[EventType "corr"]
[EventRounds "2"]
[SourceDate "2005.10.20"]

1. e4 e5 2. Nf3 Nc6 3. Bb5 a6 4. Ba4 f5 5. d3 Nf6 6. exf5 d6 7. O-O Bxf5 8. d4
b5 9. Bb3 e4 10. Nh4 Bg4 11. f3 exf3 12. Nxf3 Be7 13. Bg5 Na5 14. Bxf6 gxf6 15.
Qe1 Nxb3 16. axb3 d5 17. Nc3 Qd7 18. Qh4 c6 19. Qh6 Rf8 20. Qxh7 Qf5 21. Qh6
Qh5 22. Qxh5+ Bxh5 23. Nh4 Rh8 24. Nf5 Bg6 25. Nxe7 Kxe7 26. Rae1+ Kf7 27. Re2
Rh4 28. Ref2 Kg7 29. Rxf6 Bxc2 30. Rxc6 Bxb3 31. Ne2 Bc4 32. Ng3 Bxf1 33. Nf5+
Kg8 34. Nxh4 Bc4 35. Nf3 a5 36. h4 a4 37. Rb6 Rf8 38. Kf2 Rf4 39. h5 Rg4 40.
Rb7 Rf4 41. g3 Rf7 42. Rb8+ Rf8 43. Rb6 Bb3 44. Ke3 Bd1 45. Rg6+ Kh7 46. Ng5+
Kh8 47. Kd2 Bg4 48. h6 Bh5 49. Rd6 b4 50. Rd7 a3 51. bxa3 bxa3 52. Rh7+ Kg8 53.
Ra7 a2 54. Kc3 Be8 55. Kb2 1-0

[Event "MCRE_KT07"]
[Site "?"]
[Date "2005.??.??"]
[Round "?"]
[White "Rotter, Walter"]
[Black "Cernovsky, Karel"]
[Result "1-0"]
[WhiteElo "1964"]
[BlackElo "1600"]
[PlyCount "122"]
[EventDate "2005.??.??"]
[EventType "corr"]
[EventRounds "2"]
[SourceDate "2005.10.20"]

1. d4 Nf6 2. c4 e6 3. Nf3 d5 4. Nc3 Bb4 5. Bg5 dxc4 6. e4 c5 7. Bxc4 cxd4 8.
Nxd4 Qa5 9. Bd2 Qb6 10. Nde2 O-O 11. O-O Rd8 12. Qc2 Nc6 13. Rad1 Bd7 14. Be3
Qc7 15. Nb5 Qa5 16. a3 a6 17. Nd6 Bxd6 18. Rxd6 Be8 19. Rxd8 Rxd8 20. Bb3 Ng4
21. Bf4 g5 22. Bc1 Qe5 23. g3 Nf6 24. f4 Qxe4 25. f5 e5 26. Bxg5 Qxc2 27. Bxc2
Kg7 28. Nc3 Nd4 29. Be4 Bc6 30. Bxc6 Nxc6 31. Bxf6+ Kxf6 32. Ne4+ Kg7 33. Nc5
Rd5 34. Nxb7 Rb5 35. Nd6 Rxb2 36. Ne8+ Kf8 37. Nf6 Ra2 38. Rf3 Nd4 39. Re3 Ke7
40. Nxh7 f6 41. g4 Kf7 42. g5 Nxf5 43. Rf3 Kg6 44. gxf6 Nd4 45. Rh3 Rc2 46. Kf1
Ne6 47. f7 Kxf7 48. Rh6 Rc3 49. h4 Rxa3 50. Ng5+ Nxg5 51. hxg5 a5 52. Rf6+ Kg7
53. Ke2 a4 54. Re6 Ra1 55. Kd3 a3 56. Kc4 a2 57. Kb3 Rg1 58. Kxa2 Rxg5 59. Kb3
Kf7 60. Rc6 Rg6 61. Rc7+ Kf6 1-0

[Event "MCRE_KT07"]
[Site "?"]
[Date "2005.??.??"]
[Round "?"]
[White "Vrnak, Michal"]
[Black "Rotter, Walter"]
[Result "1-0"]
[WhiteElo "1800"]
[BlackElo "1964"]
[PlyCount "83"]
[EventDate "2005.??.??"]
[EventType "corr"]
[EventRounds "2"]
[SourceDate "2005.10.20"]

1. d4 Nf6 2. c4 e6 3. Nc3 Bb4 4. Qc2 d6 5. Nf3 Nbd7 6. Bd2 b6 7. g3 Bb7 8. Bg2
O-O 9. O-O c5 10. dxc5 Nxc5 11. a3 Bxc3 12. Bxc3 Be4 13. Qd1 Rc8 14. b4 Nb7 15.
Qa4 a5 16. Rac1 e5 17. Bb2 Ra8 18. Qb3 Qc7 19. Bh3 Bc6 20. Nh4 axb4 21. axb4
Ne4 22. Rfe1 Ng5 23. Bf5 Bd7 24. f4 Bxf5 25. Nxf5 Ne6 26. Ne3 exf4 27. Nd5 Qd8
28. gxf4 Kh8 29. f5 Qg5+ 30. Qg3 Ra2 31. fxe6 Qxg3+ 32. hxg3 fxe6 33. Rf1 Rxf1+
34. Rxf1 h5 35. Rf7 Rxb2 36. Nf4 d5 37. Rxb7 dxc4 38. Rxb6 c3 39. Kf2 e5 40.
Ng6+ Kh7 41. Nxe5 Rb1 42. Nd3 1-0

[Event "MCRE_KT07"]
[Site "?"]
[Date "2005.??.??"]
[Round "?"]
[White "Cernovsky, Karel"]
[Black "Vrnak, Michal"]
[Result "1-0"]
[WhiteElo "1600"]
[BlackElo "1800"]
[PlyCount "109"]
[EventDate "2005.??.??"]
[EventType "corr"]
[EventRounds "2"]
[SourceDate "2005.10.20"]

1. e4 e5 2. Nf3 Nc6 3. Bb5 a6 4. Ba4 Bc5 5. O-O d6 6. c3 Bg4 7. d4 Bxf3 8. gxf3
Ba7 9. Na3 Qf6 10. d5 b5 11. Nxb5 axb5 12. Bxb5 Nge7 13. Bxc6+ Nxc6 14. dxc6
O-O 15. Kh1 Kh8 16. Be3 Qh4 17. a3 f5 18. Qd3 Qh3 19. Qe2 Qh5 20. Bxa7 Rxa7 21.
Rae1 f4 22. Rg1 Rb8 23. Rc1 Ra5 24. c4 Rc5 25. b4 Rxc6 26. Qd3 Ra8 27. Rc3 Qe8
28. b5 Rc5 29. Qb1 Qh5 30. Qb4 Qh4 31. Rg2 Qd8 32. a4 Qb8 33. a5 c6 34. Rb3
cxb5 35. cxb5 Qd8 36. Ra3 Qd7 37. b6 Rb5 38. Qc3 Rc8 39. Qa1 Qc6 40. Rg1 Qc5
41. Ra2 h6 42. Rb1 Rb8 43. Rxb5 Qxb5 44. Kg2 Qc6 45. Qd1 Qb5 46. Qxd6 Rc8 47.
Rd2 Rg8 48. Rd5 Qa6 49. Qxe5 Kh7 50. Rd7 Qa8 51. b7 Qa7 52. Qxf4 Qxa5 53. b8=Q
Rxb8 54. Qxb8 Qg5+ 55. Qg3 1-0

[Event "MCRE_KT07"]
[Site "?"]
[Date "2005.??.??"]
[Round "?"]
[White "Rotter, Walter"]
[Black "Vrnak, Michal"]
[Result "0-1"]
[WhiteElo "1964"]
[BlackElo "1800"]
[PlyCount "114"]
[EventDate "2005.??.??"]
[EventType "corr"]
[EventRounds "2"]
[SourceDate "2005.10.20"]

1. d4 d5 2. c4 c6 3. Nf3 Nf6 4. Nc3 e6 5. e3 Nbd7 6. Qc2 Bd6 7. Bd3 O-O 8. e4
dxc4 9. Bxc4 e5 10. O-O exd4 11. Nxd4 Nb6 12. Be2 Bxh2+ 13. Kxh2 Qxd4 14. Bf4
Bg4 15. f3 Be6 16. Rad1 Qc5 17. Bd3 Nh5 18. Bc1 Rfd8 19. Ne2 Nd7 20. g4 Nhf6
21. g5 Ne8 22. b3 a5 23. Qxc5 Nxc5 24. Bc2 a4 25. b4 Na6 26. a3 Bb3 27. Bxb3
axb3 28. Nd4 c5 29. Nxb3 cxb4 30. a4 Rdc8 31. Bd2 b6 32. Rb1 Nd6 33. Rfc1 Nc4
34. Bf4 Na3 35. Rxc8+ Rxc8 36. Rd1 f6 37. gxf6 gxf6 38. Rd6 Nc5 39. Nd2 Nxa4
40. Rxf6 b5 41. Nb3 Nc4 42. e5 Rf8 43. Rxf8+ Kxf8 44. Kh3 Kf7 45. Bg3 Nc3 46.
Nd4 Nd5 47. Nb3 Kg6 48. Kg2 Nce3+ 49. Kf2 Nf5 50. Bh2 Ng7 51. Ke2 Ne6 52. Kd3
Kf5 53. Nc1 Ndf4+ 54. Kd2 h5 55. Bg3 Ng6 56. Nd3 h4 57. Bh2 Ng5 0-1

[Event "MCRE_KT07"]
[Site "?"]
[Date "2005.??.??"]
[Round "?"]
[White "Vrnak, Michal"]
[Black "Jezek, Otakar"]
[Result "1-0"]
[WhiteElo "1800"]
[BlackElo "1743"]
[PlyCount "96"]
[EventDate "2005.??.??"]
[EventType "corr"]
[EventRounds "2"]
[SourceDate "2005.10.20"]

1. d4 Nf6 2. c4 e6 3. Nf3 Be7 4. Nc3 d5 5. Bg5 O-O 6. e3 Nbd7 7. Rc1 c6 8. Bd3
h6 9. Bh4 dxc4 10. Bxc4 Qa5 11. O-O e5 12. Re1 exd4 13. exd4 Bd6 14. d5 c5 15.
Bb5 Qb6 16. Bxd7 Nxd7 17. Qd2 Qa6 18. Ne4 Re8 19. Nxd6 Rxe1+ 20. Rxe1 Qxd6 21.
Bg3 Qf8 22. d6 Nf6 23. Bh4 Nd7 24. Re7 Nb6 25. Ne5 Be6 26. Rxb7 Bxa2 27. f4 Nc4
28. Nxc4 Bxc4 29. b3 Ba6 30. Rc7 Qb8 31. Qd5 Qe8 32. Re7 Qf8 33. Qc6 Rb8 34.
Qxa6 g5 35. fxg5 hxg5 36. Qe2 Rd8 37. Bxg5 Rxd6 38. Re8 Re6 39. Qg4 Rg6 40. Qc8
Qxe8 41. Qxe8+ Kg7 42. Be7 a5 43. Bxc5 Rg4 44. Ba3 Rg6 45. Qf8+ Kh7 46. Bb2 f6
47. Qf7+ Rg7 48. Qxf6 Rb7 1-0

[Event "MCRE_KT07"]
[Site "?"]
[Date "2005.??.??"]
[Round "?"]
[White "Cernovsky, Karel"]
[Black "Jezek, Otakar"]
[Result "1-0"]
[WhiteElo "1600"]
[BlackElo "1743"]
[PlyCount "126"]
[EventDate "2005.??.??"]
[EventType "corr"]
[EventRounds "2"]
[SourceDate "2005.10.20"]

1. e4 e5 2. Nf3 Nc6 3. Bb5 a6 4. Ba4 Nf6 5. O-O Be7 6. Re1 b5 7. Bb3 d6 8. c3
O-O 9. h3 Na5 10. Bc2 c5 11. d4 Qc7 12. b3 Nc6 13. d5 Na5 14. Be3 Bd7 15. Nbd2
Rfc8 16. Qc1 Nb7 17. Bd3 c4 18. bxc4 Nc5 19. Bxc5 Qxc5 20. Qd1 Bd8 21. Rb1 Bb6
22. Rf1 Re8 23. Kh2 Rec8 24. Qe2 Qc7 25. Rb3 Nh5 26. g3 Nf6 27. Rfb1 Bc5 28.
cxb5 axb5 29. R1b2 Ba3 30. Rc2 Rcb8 31. Bxb5 Bxb5 32. Rxb5 Rxb5 33. Qxb5 Bc5
34. Kg2 Rb8 35. Qc4 Qa7 36. Nb3 Nd7 37. Nxc5 Nxc5 38. Nd2 Rc8 39. Nb3 h6 40.
Nxc5 Rxc5 41. Qb3 Kh7 42. c4 Kg8 43. Rb2 Qa6 44. Qc3 Kh7 45. Rb8 Qa7 46. Rb5
Rc7 47. c5 Qxa2 48. c6 Qe2 49. Rb7 Qxe4+ 50. Qf3 Qxf3+ 51. Kxf3 Rc8 52. Rxf7
Kg6 53. Rd7 Kf5 54. g4+ Kg6 55. Rxd6+ Kf7 56. Rd7+ Kf6 57. c7 g6 58. Ke4 h5 59.
d6 Ra8 60. Rh7 Ra4+ 61. Kf3 hxg4+ 62. hxg4 e4+ 63. Kg2 Rc4 1-0

[Event "MCRE_KT07"]
[Site "?"]
[Date "2005.??.??"]
[Round "?"]
[White "Jezek, Otakar"]
[Black "Vrnak, Michal"]
[Result "0-1"]
[WhiteElo "1743"]
[BlackElo "1800"]
[PlyCount "123"]
[EventDate "2005.??.??"]
[EventType "corr"]
[EventRounds "2"]
[SourceDate "2005.10.20"]

1. Nf3 Nf6 2. Nc3 d5 3. d4 g6 4. g3 Bg7 5. Bg2 O-O 6. O-O c6 7. Bf4 Nbd7 8. Qd3
Nb6 9. Ne5 Ng4 10. e4 dxe4 11. Bxe4 Nxe5 12. dxe5 Be6 13. Qxd8 Raxd8 14. Rfd1
Nc4 15. Na4 Nxe5 16. Nc5 Bc8 17. Rxd8 Rxd8 18. Re1 Nc4 19. Bc7 Re8 20. b3 Bc3
21. Re2 Bg4 22. f3 Bd4+ 23. Kh1 Bxc5 24. fxg4 Bd6 25. Bd3 Bxc7 26. Bxc4 e5 27.
Kg2 e4 28. g5 Kg7 29. a4 a6 30. b4 Bd8 31. h4 Re7 32. a5 h6 33. gxh6+ Kxh6 34.
c3 f5 35. Kh3 Bc7 36. Re3 g5 37. hxg5+ Kxg5 38. Kg2 Be5 39. Kf2 Rh7 40. Kg2 Kf6
41. Be2 Rd7 42. Kf1 Rd2 43. g4 Rc2 44. gxf5 Kxf5 45. c4 Rc1+ 46. Kg2 Bd4 47.
Ra3 Rg1+ 48. Kh3 Rb1 49. Bg4+ Kf4 50. Be2 Rb2 51. Bf1 Bg1 52. Bg2 e3 53. Ra1
Bf2 54. b5 cxb5 55. cxb5 e2 56. Bxb7 Rd2 57. Kg2 Bg3 58. Rf1+ Ke5 59. Kg1 Rd1
60. Rxd1 exd1=Q+ 61. Kg2 Kf4 62. Bxa6 0-1

[Event "MCRE_KT07"]
[Site "?"]
[Date "2005.??.??"]
[Round "?"]
[White "Rotter, Walter"]
[Black "Jezek, Otakar"]
[Result "1-0"]
[WhiteElo "1964"]
[BlackElo "1743"]
[PlyCount "115"]
[EventDate "2005.??.??"]
[EventType "corr"]
[EventRounds "2"]
[SourceDate "2005.10.20"]

1. d4 Nc6 2. Nf3 d5 3. c4 e6 4. Nc3 dxc4 5. e4 Nf6 6. Bxc4 Bb4 7. O-O O-O 8.
Re1 Na5 9. Bf1 Nc6 10. a3 Ba5 11. Bb5 Bd7 12. Bg5 h6 13. Bh4 a6 14. Ba4 b5 15.
Bc2 b4 16. axb4 Bxb4 17. e5 Be7 18. exf6 Bxf6 19. Bxf6 Qxf6 20. Qd3 Qf5 21. Qe2
Qf4 22. Be4 Rab8 23. Rxa6 Nb4 24. g3 Qg4 25. Ra7 Bc6 26. Rxc7 Bxe4 27. Qxe4
Qxe4 28. Nxe4 Nd5 29. Rc2 Nb4 30. Rd2 Rfd8 31. Rc1 Ra8 32. Kg2 Ra6 33. Rc7 Nd5
34. Rb7 Rda8 35. b4 Rb6 36. Rxb6 Nxb6 37. b5 Rd8 38. Ra2 Nc4 39. Ra4 Nb6 40.
Ra7 Rd7 41. Rxd7 Nxd7 42. Ne5 Nb6 43. Nd6 Kf8 44. Nec4 Nxc4 45. Nxc4 Ke7 46. f4
f5 47. h4 h5 48. b6 Kd7 49. Kf3 Kc6 50. Ke3 Kb7 51. Kd3 Kc6 52. Kc3 Kb7 53. Kb4
Kc6 54. Ka5 g6 55. Ka6 Kd5 56. Ne5 Kxd4 57. b7 Ke3 58. b8=Q 1-0

[Event "MCRE_KT07"]
[Site "?"]
[Date "2005.??.??"]
[Round "?"]
[White "Jezek, Otakar"]
[Black "Rotter, Walter"]
[Result "0-1"]
[WhiteElo "1743"]
[BlackElo "1964"]
[PlyCount "118"]
[EventDate "2005.??.??"]
[EventType "corr"]
[EventRounds "2"]
[SourceDate "2005.10.20"]

1. g3 d5 2. Nf3 Bg4 3. Bg2 c6 4. d4 e6 5. Nbd2 Nf6 6. O-O Nbd7 7. c4 Bd6 8. c5
Bc7 9. Qb3 b6 10. cxb6 Bxb6 11. h3 Bh5 12. g4 Bg6 13. Qa4 Rc8 14. Nh4 O-O 15.
Nxg6 fxg6 16. Nb3 c5 17. dxc5 Nxc5 18. Nxc5 Bxc5 19. Bd2 Qb6 20. Qb3 Qd6 21.
Rac1 Qe5 22. e3 Ne4 23. Bc3 Nxc3 24. Qxc3 Qb8 25. Qd3 Qe5 26. Qc3 Qb8 27. Qd3
Qb7 28. Rc2 Bb6 29. Re2 Qf7 30. e4 d4 31. e5 Rc7 32. f4 Rd8 33. Ref2 Qe7 34.
Be4 Qc5 35. h4 Qc4 36. Qxc4 Rxc4 37. Bd3 Rc5 38. Kg2 Bc7 39. Kf3 Kf7 40. Ke4
Ke7 41. b4 Rc3 42. a4 Rd5 43. Rc2 a5 44. Rb1 h6 45. g5 Rxc2 46. Bxc2 axb4 47.
Rxb4 Ba5 48. Rb7+ Rd7 49. Rxd7+ Kxd7 50. Kxd4 Bb6+ 51. Ke4 Bf2 52. a5 Bxh4 53.
a6 Bf2 54. gxh6 gxh6 55. Kf3 Bd4 56. Bxg6 Kc6 57. Ke4 Bf2 58. Bf7 Kd7 59. f5
exf5+ 0-1